[Event "Zhukovsky op"]
[Site "Zhukovsky"]
[Date "2014.??.??"]
[Round "5"]
[White "Kodiy, Valentin"]
[Black "Groisman, Anatoliy"]
[Result "1-0"]
[WhiteElo "1794"]
[BlackElo "1972"]
[PlyCount "67"]
[EventDate "2014.08.08"]
[EventType "swiss"]
[EventRounds "9"]
[EventCountry "RUS"]
[SourceTitle "CBM 162 Extra"]
[Source "ChessBase"]
[SourceDate "2014.10.17"]
[SourceVersion "1"]
[SourceVersionDate "2014.10.17"]
[SourceQuality "1"]

1. e4 c6 2. d4 d5 3. exd5 cxd5 4. Nf3 Nf6 5. Bb5+ Nbd7 6. 0-0 a6 7. Ba4 b5 8. Bb3 Nb6 9. a4 b4 10. a5 Nc4 11. Nbd2 Nxa5 12. Ba4+ Bd7 13. c3 bxc3 14. bxc3 e6 15. Ne5 Bb5 16. Ndf3 Ne4 17. Qd3 Rb8 18. c4 Bxa4 19. Rxa4 Rb3 20. Qc2 Rc3 21. Qa2 f6 22. Rxa5 fxe5 23. Nxe5 Bd6 24. Qa4+ Kf8 25. f3 Nf6 26. f4 dxc4 27. Rxa6 Rb3 28. Qxc4 Rb7 29. Rxd6 Qxd6 30. Qc8+ Ne8 31. Qxb7 Nc7 32. Qb8+ Ne8 33. Qxd6+ Nxd6 34. Ba3 1-0

[Event "Zhukovsky op 04"]
[Site "Zhukovsky"]
[Date "2014.??.??"]
[Round "1"]
[White "Rybakov, Sergey"]
[Black "Kodiy, Valentin"]
[Result "1-0"]
[WhiteElo "2006"]
[BlackElo "1794"]
[PlyCount "101"]
[EventDate "2014.04.??"]
[EventType "swiss"]
[EventRounds "9"]
[EventCountry "RUS"]
[SourceTitle "EXT 2016"]
[Source "ChessBase"]
[SourceDate "2015.10.08"]
[SourceVersion "1"]
[SourceVersionDate "2015.10.08"]
[SourceQuality "1"]

1. e4 c5 2. Nc3 Nc6 3. g3 e6 4. Bg2 Nf6 5. Nge2 a6 6. 0-0 b5 7. f4 b4 8. Nb1 Bb7 9. d3 d5 10. e5 Nd7 11. c3 Be7 12. d4 Qb6 13. Kh1 a5 14. f5 0-0-0 15. fxe6 fxe6 16. Nf4 Nf8 17. Be3 c4 18. Bg1 Re8 19. Qg4 Kb8 20. Qxg7 Ng6 21. Ne2 Bf8 22. Qf7 Bh6 23. Rf6 Re7 24. Qxe6 Rxe6 25. Rxe6 Rd8 26. Rf6 Qc7 27. cxb4 axb4 28. a3 Bg7 29. Rf1 Rf8 30. Rd1 Nge7 31. h3 Bh6 32. axb4 Nxb4 33. Nbc3 Bc6 34. b3 Nd3 35. Rdb1 Kc8 36. bxc4 dxc4 37. d5 Nxe5 38. dxc6 N7xc6 39. Nd5 Qd6 40. Ra8+ Kd7 41. Rb7+ Ke6 42. Rxf8 Qxf8 43. Nec3 Bd2 44. Nc7+ Kf5 45. Be4+ Kf6 46. N3d5+ Kf7 47. Na6+ Kg8 48. Kg2 c3 49. Bc5 Qd8 50. Bb6 Qxd5 51. Bxd5+ 1-0

[Event "Zhukovsky Elo-B 08"]
[Site "Zhukovsky"]
[Date "2009.08.14"]
[Round "3"]
[White "Kodiy, Valentin"]
[Black "Kochetkov, Sergey"]
[Result "1-0"]
[WhiteElo "1757"]
[BlackElo "1618"]
[PlyCount "87"]
[EventDate "2009.08.14"]
[EventType "swiss"]
[EventRounds "7"]
[EventCountry "RUS"]
[SourceTitle "EXT 2022"]
[Source "ChessBase"]
[SourceDate "2021.10.06"]
[SourceVersion "1"]
[SourceVersionDate "2021.10.06"]
[SourceQuality "1"]

1. e4 e6 2. d4 d5 3. e5 c5 4. c3 cxd4 5. cxd4 Qb6 6. f4 Ne7 7. Bd3 Nbc6 8. Ne2 Nf5 9. Bxf5 exf5 10. 0-0 Be7 11. Rf3 Bh4 12. Rb3 Qc7 13. Nbc3 Qd7 14. Rb5 Qe6 15. Nxd5 Bd8 16. Kh1 a6 17. Nb6 Na7 18. d5 Qg6 19. Nxa8 axb5 20. Be3 b6 21. e6 fxe6 22. Nxb6 Bb7 23. Qg1 Bxb6 24. Bxb6 Nc8 25. Bc5 Bxd5 26. Nc3 Bc6 27. b4 Kf7 28. Rd1 Qg4 29. Qf2 Re8 30. a4 bxa4 31. b5 Bxb5 32. h3 Qh5 33. Ra1 Bc6 34. Kh2 Ne7 35. Nxa4 Ra8 36. Bxe7 Kxe7 37. Qc5+ Kf6 38. Qxc6 Rd8 39. Re1 Qf7 40. Nc5 Re8 41. Nd7+ Ke7 42. Qc5+ Kd8 43. Nb6 Qc7 44. Rd1+ 1-0

[Event "Zhukovsky Elo-B 08"]
[Site "Zhukovsky"]
[Date "2009.08.14"]
[Round "4"]
[White "Vatolin, Petr"]
[Black "Kodiy, Valentin"]
[Result "1/2-1/2"]
[WhiteElo "1664"]
[BlackElo "1757"]
[PlyCount "46"]
[EventDate "2009.08.14"]
[EventType "swiss"]
[EventRounds "7"]
[EventCountry "RUS"]
[SourceTitle "EXT 2022"]
[Source "ChessBase"]
[SourceDate "2021.10.06"]
[SourceVersion "1"]
[SourceVersionDate "2021.10.06"]
[SourceQuality "1"]

1. e4 c5 2. c3 d5 3. exd5 Qxd5 4. Nf3 Nc6 5. d3 Bf5 6. Be2 Rd8 7. d4 cxd4 8. Nxd4 Nxd4 9. cxd4 b6 10. Be3 e5 11. 0-0 exd4 12. Bf4 Qd7 13. Re1 Be6 14. Bd3 Bb4 15. Nd2 Ne7 16. a3 Bxd2 17. Qxd2 0-0 18. Rac1 Rc8 19. Be5 Rxc1 20. Rxc1 Nc6 21. Bxg7 Kxg7 22. Qg5+ Kh8 23. Qf6+ Kg8 1/2-1/2

[Event "Zhukovsky Aviagrad op-B"]
[Site "Zhukovsky"]
[Date "2008.08.22"]
[Round "3"]
[White "Kodiy, Valentin"]
[Black "Kaverin, Lev"]
[Result "0-1"]
[WhiteElo "1806"]
[BlackElo "1879"]
[PlyCount "114"]
[EventDate "2008.08.22"]
[EventType "swiss"]
[EventRounds "8"]
[EventCountry "RUS"]
[SourceTitle "EXT 2022"]
[Source "ChessBase"]
[SourceDate "2021.10.06"]
[SourceVersion "1"]
[SourceVersionDate "2021.10.06"]
[SourceQuality "1"]

1. e4 e6 2. d4 d5 3. e5 c5 4. c3 Nc6 5. f4 cxd4 6. cxd4 Qb6 7. Nf3 Bb4+ 8. Nc3 Nge7 9. a3 Bxc3+ 10. bxc3 Na5 11. Be3 Bd7 12. Bd3 Rc8 13. Rb1 Qc7 14. Bd2 a6 15. 0-0 b5 16. Rf2 Nc4 17. Bc1 Nb6 18. Rc2 Nc6 19. Ng5 g6 20. Nh3 Nc4 21. Nf2 h5 22. Bxc4 bxc4 23. Rcb2 Na5 24. Rb6 Bb5 25. Rd6 Nb7 26. a4 Nxd6 27. exd6 Qxd6 28. axb5 axb5 29. Rxb5 Qa6 30. Rb4 Ra8 31. Qc2 0-0 32. Nd1 Rfb8 33. Rxb8+ Rxb8 34. Kf2 Qa1 35. Ke2 Rb3 36. g3 f5 37. Ke1 Qa5 38. h3 Kf7 39. Qe2 Qc7 40. Qa2 g5 41. Qa8 Rb8 42. Qa4 h4 43. Kf2 Rb1 44. Qc2 Rb3 45. g4 Kg6 46. gxf5+ exf5 47. Ne3 Qxf4+ 48. Ke1 Qg3+ 49. Kd1 Qg1+ 50. Ke2 Qh2+ 51. Kd1 Qxh3 52. Qd2 f4 53. Nc2 Qf3+ 54. Qe2 Qxe2+ 55. Kxe2 Rxc3 56. Bd2 f3+ 57. Kf2 Rxc2 0-1

[Event "Zhukovsky Elo-E"]
[Site "Zhukovsky"]
[Date "2008.01.20"]
[Round "9"]
[White "Gostev, Oleg"]
[Black "Kodiy, Valentin"]
[Result "1/2-1/2"]
[WhiteElo "1641"]
[BlackElo "1806"]
[PlyCount "67"]
[EventDate "2008.01.02"]
[EventType "tourn"]
[EventRounds "9"]
[EventCountry "RUS"]
[SourceTitle "EXT 2010"]
[Source "ChessBase"]
[SourceDate "2010.11.25"]
[SourceVersion "1"]
[SourceVersionDate "2010.11.25"]
[SourceQuality "1"]

1. e4 c5 2. Nf3 e6 3. Bc4 Nc6 4. c3 a6 5. a4 Na5 6. Ba2 c4 7. d4 cxd3 8. Qxd3 g6 9. b4 Nc6 10. Be3 Bg7 11. Nd4 Nge7 12. 0-0 0-0 13. Nd2 d5 14. Nxc6 bxc6 15. Rad1 Bb7 16. Bc5 Re8 17. f3 a5 18. Rfe1 axb4 19. cxb4 Rxa4 20. Qb3 Qa8 21. Bb1 Bf8 22. Bc2 Ra2 23. Nb1 Nc8 24. Qe3 Rxc2 25. Bxf8 Rxf8 26. Na3 Ra2 27. Rd3 Qa7 28. Qxa7 Nxa7 29. exd5 cxd5 30. Rc1 Rc8 31. Rxc8+ Bxc8 32. Rc3 d4 33. Rd3 Ba6 34. Rb3 1/2-1/2